MGD-generatory : novyj sposob priamogo preobrazovanija energii : rekomendatel´nyj ukazatel´ literatury.

Uložené v:
Podrobná bibliografia
Médium: Kniha
Jazyk:Russian
Vydané: Moskva : Kniga, 1969.
Vydanie:1. izd.
Edícia:Novoje v nauke i technike vyp. 26
ISBN: (brož.)
Fyzický popis: 13 s.
Tagy: Pridať tag
Žiadne tagy, Buďte prvý kto otaguje tento záznam!

MARC

LEADER 00000nam a2200000 a 4500
001 000126331
005 20121225175632.0
008 040101s1969 ru e 000 0 rus d
020 |a (brož.) 
040 |a SVKKK  |b slo  |c SVKKK  |e AACR2 
041 0 |a rus 
044 |a ru  |c RU 
245 0 0 |a MGD-generatory :  |b novyj sposob priamogo preobrazovanija energii : rekomendatel´nyj ukazatel´ literatury. 
250 |a 1. izd. 
260 |a Moskva :  |b Kniga,  |c 1969. 
300 |a 13 s. 
490 1 |a Novoje v nauke i technike  |v vyp. 26 
830 0 |a Novoje v nauke i technike  |v vyp. 26 
910 |a svkkk 
998 |a BK 
090 |g SCKHL  |k Sklad Hlavná 10 suterén  |a I.38976  |j 453286  |i 126331-10  |4 Zastaraná  |s Vyradená